000 00601nam a22002177a 4500
999 _c351380
_d351380
001 65259
003 UA-OsUOA
005 20200416090515.0
007 ta
008 20091118b un ||||| |||| 00| 0 ukr d
040 _aUA-OsUOA
_bukr
_cUA-OsUOA
_dUA-OsUOA
041 _aukr
080 _a82.09
090 _a82.09
_bК55
245 _aОльга Кобилянська в критиці та спогадах
260 _aК.
_bДержлітвидав
_c1963
300 _a559 с.
650 7 _a82 Література. Літературознавство
_2UDC
942 _cBK
_2udc
955 _a1